Подробности
| 000 -МАРКЕР |
| контрольное поле |
01249nam0a2200313 4500 |
| 001 - ИДЕНТИФИКАТОР ЗАПИСИ |
| контрольное поле |
RU\NLR\bibl\1259535 |
| 005 - ИДЕНТИФИКАТОР ВЕРСИИ |
| контрольное поле |
20260408195131.0 |
| 010 ## - МЕЖДУНАРОДНЫЙ СТАНДАРТНЫЙ НОМЕР КНИГИ (ISBN) |
| Номер (ISBN) |
978-5-7711-0082-1 |
| Тираж |
10000 |
| 021 ## - НОМЕР ГОСУДАРСТВЕННОЙ РЕГИСТРАЦИИ |
| Код страны |
Российская Федерация |
| Номер |
2008-47608 |
| Номер Листа государственной регистраци |
2629 |
| 035 ## - ДРУГИЕ СИСТЕМНЫЕ НОМЕРА |
| Идентификатор записи |
(NLR Aleph) 001245537 |
| 100 ## - ДАННЫЕ ОБЩЕЙ ОБРАБОТКИ |
| Данные общей обработки |
20080807d2008 |||y0rusy50 ca |
| 101 0# - ЯЗЫК РЕСУРСА |
| Язык текста, звукозаписи и т.д. |
русский |
| 102 ## - СТРАНА ПУБЛИКАЦИИ ИЛИ ПРОИЗВОДСТВА |
| Страна публикации |
Российская Федерация |
| 105 ## - ПОЛЕ КОДИРОВАННЫХ ДАННЫХ: ТЕКСТОВЫЕ МАТЕРИАЛЫ, МОНОГРАФИЧЕСКИЕ |
| Кодированные данные о монографическом текстовом документе |
a ||||||||| |
| 200 1# - ЗАГЛАВИЕ И СВЕДЕНИЯ ОБ ОТВЕТСТВЕННОСТИ |
| Основное заглавие |
Петербург |
| Сведения, относящиеся к заглавию |
от дома к дому... От легенды к легенде... |
| -- |
путеводитель |
| Первые сведения об ответственности |
Н.А. Синдаловский |
| 210 ## - ПУБЛИКАЦИЯ, РАСПРОСТРАНЕНИЕ И ДР. |
| Место издания, распространения и т.д. |
Санкт-Петербург |
| Имя издателя, распространителя и т. д. |
Норинт |
| Дата издания, распространения и т.д. |
2008 |
| 215 ## - ФИЗИЧЕСКАЯ ХАРАКТЕРИСТИКА |
| Специфическое обозначение материала и объем |
397, [3] с. |
| Другие сведения о физической характеристике |
ил., портр. |
| Размеры |
21 |
| 606 ## - НАИМЕНОВАНИЕ ТЕМЫ КАК ПРЕДМЕТ |
| Наименование темы |
Здания |
| Тематический подзаголовок |
История |
| Географический подзаголовок |
Санкт-Петербург, город |
| Идентификатор авторитетной/нормативной записи |
RU\NLR\auth\661386378 |
| Системный номер авторитетной/нормативной записи |
2317050 |
| 607 ## - ГЕОГРАФИЧЕСКОЕ НАИМЕНОВАНИЕ КАК ПРЕДМЕТ |
| Географическое наименование |
Санкт-Петербург, город |
| Тематический подзаголовок |
в фольклоре |
| Системный номер авторитетной/нормативной записи |
1012028 |
| Идентификатор авторитетной/нормативной записи |
RU\NLR\auth\6667759 |
| 686 ## - ИНДЕКСЫ ДРУГИХ КЛАССИФИКАЦИЙ |
| Индекс |
Т3(2-2СПб)я23 |
| 686 ## - ИНДЕКСЫ ДРУГИХ КЛАССИФИКАЦИЙ |
| Индекс |
Д890(2Р31-4Ле-2С)я23 |
| 686 ## - ИНДЕКСЫ ДРУГИХ КЛАССИФИКАЦИЙ |
| Индекс |
Ш3(2=1Р)-694 |
| 700 #1 - ИМЯ ЛИЦА - ПЕРВИЧНАЯ ОТВЕТСТВЕННОСТЬ |
| Код отношения |
Автор |
| Начальный элемент ввода |
Синдаловский |
| Часть имени, кроме начального элемента ввода |
Н. А. |
| Даты |
1935- |
| Расширение инициалов личного имени |
Наум Александрович |
| Идентификатор авторитетной/нормативной записи |
RU\NLR\auth\7766123 |
| Системный номер авторитетной/нормативной записи |
49052 |
| 801 #0 - ИСТОЧНИК ЗАПИСИ |
| Страна |
Российская Федерация |
| Организация |
NLR |
| Дата составления |
20080807 |
| Правила каталогизации |
RCR |
| 801 #1 - ИСТОЧНИК ЗАПИСИ |
| Страна |
Российская Федерация |
| Организация |
NLR |
| Дата составления |
20080807 |
| 942 ## - ДОПОЛНИТЕЛЬНЫЕ ЭЛЕМЕНТЫ ЗАПИСИ (АБИС) |
| Тип экземпляра АБИС |
Книга |
| 980 ## - КОЛЛЕКЦИЯ |
| Название коллекции |
Национальная библиография |